000 00635nam a22002297a 4500
003 UA-OsUOA
001 96434
007 ta
008 20130319b un ||||| |||| 00| 0 ukr d
100 _aМаградзе Э.
090 _a821.353.1
_bМ12
942 _cBK
040 _aUA-OsUOA
_brus
_cUA-OsUOA
_dUA-OsUOA
245 _aСтенание, или жизнь Давида Гурамишвили
300 _a238 с.
955 _a3
041 _arus
080 _a821.353.1
260 _aТбилиси
_bМерани
_c1980
650 7 _a82 Література. Літературознавство
_2UDC
999 _c382690
_d382690